| 000 | 00420nam a2200157Ia 4500 | ||
|---|---|---|---|
| 008 | 220216s9999 xx 000 0 und d | ||
| 100 | _aCanh Tran Van | ||
| 245 | 0 | _aControl of white root disease (Fomes) of Hevea | |
| 260 |
_bPlantations, Recherche, Developpement _c1996 |
||
| 300 | _a249 | ||
| 650 | _aDisease control | ||
| 650 | _aFomes lignosus | ||
| 650 | _aHevea | ||
| 650 | _aWhite root disease | ||
| 942 | _cJS | ||
| 999 |
_c56332 _d56332 |
||